00448 2200181 4500245004300000020001800043250001100061100001800072700001800090700002100108650001700129005001900146260003100165041001400196084001300210300003400223336000900257 aDeath Note Vol. 4cOhba, TsugumihText a9789792313789 aCet. 4 aOhba, Tsugumi aSri Nurhayati aFrisian Yuniardi aKomik Jepang a20230904113226 aJakartabPT Gramediac2009 aIndonesia a741.5592 a... jil. :bilus. ;c17,5 cm. atext